The arena of life: the dynamics of ecology

Saved in:
Bibliografiske detaljer
Main Authors: Milne, Lorus Johnson (autor), Milne, Margery (Author)
Format: Bog
Sprog:engelsk
Udgivet: Nueva York Doubleday-Natural Press 1971
Fag:
Tags: Tilføj Tag
Ingen Tags, Vær først til at tagge denne postø!

MARC

LEADER 00000nam a2200000 a 4500
001 UCY3704
003 CL-VaPUC
008 950113e19710000US |||||||||||||||||eng|d
082 0 4 |a 578.09  |b MIL  |2 21 
100 |a Milne, Lorus Johnson  |e autor  |9 371086 
700 0 |a Milne, Margery  |e author  |9 332069 
245 1 4 |a The arena of life: the dynamics of ecology 
300 |a 350 p 
942 |c BK 
945 |d 19950113 00:00:00  |a mfernand 
260 |a Nueva York  |b Doubleday-Natural Press  |c 1971 
650 0 |a Animales y plantas  |x Distribución geográfica  |9 261804 
650 0 |a Ecología   |9 258124 
583 |a last modification  |c 19950113 00:00:00  |k Rodrigo Vera 
999 |c 231767  |d 231765 
952 |0 0  |1 0  |2 ddc  |4 0  |6 578_090000000000000_MIL_1971  |7 0  |8 CCM  |9 235425  |a BIBCUR  |b BIBCUR  |c PAC  |d 2019-11-15  |i 3048888  |o 578.09 MIL 1971  |p 3048888  |r 2025-04-22  |w 2019-11-15  |y BK  |k CIM